000 00858nam a2200217 a 4500
001 49364
003 BD-RjUL
005 20211209054654.0
008 160820s1973 ii ||||| |||| 00| 0 ben d
035 _a(BD-RjUL)49483
040 _aBD-RjUL
_bben
_cBD-RjUL
041 _aben
082 _223
_a891.4408
_bSHO 1973
245 0 0 _aসোনার মলাট তারাশঙ্কর /
_cসম্পাদনা, শ্যামল চক্রবতী
260 _aকলিকাতা :
_bরামায়ণী প্রকাশ ভবন,
_c১৯৭৩
300 _a১৬৯ পৃ.:
_bচিএ ;
_c২১ সেমি.
650 _aবাংলা সাহিত্য
_xসংগ্রহ
_9122902
650 _abengali Literature
_xCollectiion
_9148213
700 _aচক্রবতী, শ্যামল
_9148214
942 _2ddc
_cBK
999 _c49364
_d49364